| 000 | 01342nam a22003250a 4500 | ||
|---|---|---|---|
| 001 | PT20068 | ||
| 003 | AR-LpoUNG | ||
| 005 | 20260420135924.0 | ||
| 008 | 201001s2004||||ag |||||||||||||||||spa d | ||
| 020 |
_a9879300645 _c$65,23 |
||
| 040 |
_aAR-LpoUNG _bspa _eaacr |
||
| 041 | _aspa | ||
| 044 | _aag | ||
| 082 | 0 | _a410 228tex | |
| 100 | 1 | _aAdelstein, Andreína | |
| 245 | 1 | 4 | _aLos textos académicos en el nivel universitario |
| 250 | _a1ra. ed. | ||
| 260 |
_aBuenos Aires : _bUniversidad Nacional de General Sarmiento, _c2004. |
||
| 300 |
_a171 p. : _bil. |
||
| 490 | 0 | _aTextos Básicos | |
| 505 | 0 | _a15 ítems corresponden a la 1ra. edición, 3a. impresión de 2007 | |
| 520 | _aEstá concebido como material didáctico para asignaturas de tipo taller y tiene un doble destinatario: el profesor de lengua, quien adecúa los contenidos del libro a las finalidades y destinatarios específicos de su asignatura, y el estudiante de los primeros años de una carrera universitaria. El objetivo es orientar el desarrollo de competencias de comprensión y producción textual a partir de del estudio de artículos de investigación científica. | ||
| 650 | 4 | _aENSEÑANZA SUPERIOR | |
| 650 | 4 | _aGRAMATICA | |
| 650 | 4 | _aLINGÜISTICA | |
| 650 | 4 | _aSINTAXIS | |
| 700 | 1 | _aKuguel, Inés | |
| 905 | _a20068 | ||
| 942 |
_cLIB _2ddc |
||
| 999 |
_c51733 _d51733 |
||